000 01807nam a2200349 4500
001 0000022625
003 CO-CtgCURN
005 20250516163548.0
007 ta
008 160627s2005 000 0 eng d
020 _a9583373249
040 _aCO-CtgCURN
_bspa
_ccoctgcurn
082 0 _a347.05
_bL864
100 1 _aLópez Blanco, Hernan Fabio.
245 1 0 _aInstituciones de derecho procesal civil colombiano :
_bparte general /
_cHernan Fabio López Blanco.
250 _a9a ed.
256 _aProcedimiento civil: parte general.
260 _aBogotá :
_bDupre,
_c2005.
300 _av.1.
336 _2rdacontent
337 _2rdamedia
_asin mediacion
_bn
338 _2rdacarrier
_avolumen
_bnc
500 _aIncluye indices.
504 _aIncluye bibliografia (p. 1105-1113)
505 8 _aEvolucion historica del derecho procesal civil colombiano -- El derecho procesal la ley procesal civil -- Los principios informadores y las reglas tecnicas del procedimiento civil -- Jurisdicción y competencia -- El derecho de Acción -- La actuacion judicial -- La demanda -- Defensas del demandado. Excepciones -- La conciliacion -- Actos procesales del juez -- Las notificaciones -- Los recursos -- Las nulidades procesales y su saneamiento -- Causales de interrupcion y suspension de los procesos civiles -- Las formas anormales, excepcionales o extraordinarias de terminacion de los procesos civiles -- Las expensas y las costas -- Las medidas cautelares
650 1 4 _aProcedimiento civil
_zColombia.
908 _a160627
942 _cBK
_h347.05
_iL864
_2ddc
_n0
999 _c20449
_d20449